| 000 | 01368nam a2200373 i 4500 | ||
|---|---|---|---|
| 001 | 189171 | ||
| 003 | SpMaBN | ||
| 005 | 20250915230046.0 | ||
| 008 | 190412s2017 sp |||| |dspa d | ||
| 020 | _a978-84-306-1870-5 | ||
| 080 | _a070(460)"19" | ||
| 080 | _a070.42(460)"19" | ||
| 100 | 1 |
_aArco, Miguel-Ángel del, _d1956- _9166822 |
|
| 245 | 1 | 0 |
_aCronistas bohemios _b: la rebeldía de la Gente Nueva en 1900 / _cMiguel Ángel del Arco. |
| 250 | _a1ª ed. | ||
| 260 |
_a[Barcelona] : _bTaurus, _c2017. |
||
| 300 |
_a349 p. ; _c24 cm. |
||
| 490 | 1 | _aHistoria | |
| 504 | _aBibliografía: p. 343-349. | ||
| 594 | _aIncluye textos de: Luis Bonafoux, Joaquín Dicenta, Alejandro Sawa, Pedro Barrantes y Antonio Palomero. | ||
| 650 | 7 |
_aPeriodismo- _zEspaña- _yS.XIX. _9161039 |
|
| 650 | 7 |
_aPeriodistas- _zEspaña- _yS.XIX. _9149760 |
|
| 650 | 7 |
_aPeriodismo- _zEspaña- _yS.XX _2 _9149453 |
|
| 700 | 1 |
_aBonafoux, Luis. _930066 |
|
| 700 | 1 |
_aDicenta, Joaquín, _d1863-1917 _944474 |
|
| 700 | 1 |
_aSawa, Alejandro, _d1862-1909 _9104088 |
|
| 700 | 1 |
_aBarrantes, Pedro, _d1860-1912 _9156656 |
|
| 700 | 1 |
_aPalomero Dechado, Antonio, _d1869-1914 _988694 |
|
| 830 | 0 |
_aHistoria _9177536 |
|
| 852 |
_aES-MaACL _jA-14463 _9 196309 _bR.152590 _cDEPO1 _dOlim: N-7463 |
||
| 942 |
_2udc _cMONOGRAFIA |
||
| 999 |
_c189171 _d189171 |
||